000 00392 a2200157 4500
001 181459
020 _a
040 _cMagnum
100 _aReymao, Maria Eunice Garcia
240 1 0 _aAs atribuicoes profissionais do assistente social
_lpor
245 1 0 _aAs atribuicoes profissionais do assistente social
362 0 _a1899
440 1 _aLoyola
697 _aMAGNITO: GERAL
942 _cBK
999 _c181459
_d181459